000 00571nam a22002297a 4500
003 UA-OsUOA
001 136484
007 ta
008 20190327b un ||||| |||| 00| 0 ukr d
100 _aГладков Т.
090 _a92
_bГ52
942 _cBK
040 _aUA-OsUOA
_brus
_cUA-OsUOA
_dUA-OsUOA
245 _aКлятва у знамени
300 _a125 с.
955 _a3
041 _arus
080 _a92
260 _aМ.
_bПолитиздат
_c1978
650 7 _a9 Географія. Біографії. Історія
_2UDC
999 _c409446
_d409446